000
00309nam a2200121 a 4500
008
101213s1970|||| d
100
1
_a
Páv, Jozef
245
1
0
_a
Zábavné formy práce s deťmi v knižnici
260
_b
Matica slovenská
_a
Martin
_c
1970
020
_c
14,50
041
_a
slo
044
_a
xo
_c
SK
999
_c
15161
_d
15161